[Event "British Championship"]
[Site "Torquay"]
[Date "2009.07.30"]
[Round "4.4"]
[White "Conquest, Stuart"]
[Black "Hawkins, Jonathan"]
[Result "1/2-1/2"]
[WhiteElo "2572"]
[BlackElo "2325"]
[PlyCount "131"]
[EventDate "2009.07.27"]
[EventRounds "11"]
[EventCountry "ENG"]

1. e4 e5 2. Nf3 Nc6 3. Bb5 a6 4. Ba4 Nf6 5. O-O Be7 6. Qe2 b5 7. Bb3 O-O 8. c3
d5 9. d3 Bb7 10. Rd1 Re8 11. Nbd2 Bf8 12. a3 Nb8 13. Nf1 h6 14. Ng3 Nbd7 15.
Ba2 c5 16. Be3 Qc7 17. Rac1 dxe4 18. dxe4 c4 19. Bb1 Nc5 20. Nd2 Na4 21. Ndf1
Red8 22. Rxd8 Rxd8 23. h3 Rd7 24. Nh2 Qd8 25. Nf3 Qe8 26. Kh1 Qe6 27. Kh2 a5
28. Ne1 Qc6 29. Nf3 Qc7 30. Kh1 Nc5 31. Nd2 Qd8 32. Bc2 a4 33. f3 B